| 000 | 01130cam a22003374a 4500 | ||
|---|---|---|---|
| 001 | 7023 | ||
| 003 | FISKH | ||
| 005 | 20250619085029.0 | ||
| 008 | 020702s2003 maua b b 001 0 eng | ||
| 010 | _a 2002010488 | ||
| 020 | _a1570914346 (hardcover) | ||
| 020 | _a9781570914355 | ||
| 020 | _a1570914354 (softcover) | ||
| 040 |
_aDLC _cDLC _dDLC _beng |
||
| 050 | _aVK1023 .V35 | ||
| 082 | _a387.1 | ||
| 100 | 1 | _aVan Rynbach, Iris. | |
| 245 | 1 | 0 |
_aSafely to shore : _bAmerica's lighthouses / _cIris Van Rynbach. |
| 260 |
_aWatertown : _bCharlesbridge, _c2003. |
||
| 300 |
_a32 pages : _bcolor illustrations ; _c28 cm |
||
| 504 | _aIncludes bibliographical references (p. 32) and index. | ||
| 505 | _aR | ||
| 520 | _aDescribes the purpose and history of lighthouses, how they work, who keeps them, and relates stories about famous American lighthouses. | ||
| 521 | 8 |
_a700
_bLexile estimate |
|
| 521 | 8 |
_aR
_bRaz-Plus |
|
| 650 | 0 |
_aLighthouses _zUnited States _vJuvenile literature. |
|
| 650 | 1 | _aLighthouses. | |
| 906 |
_a7 _bcbc _corignew _d1 _eecip _f20 _gy-gencatlg |
||
| 942 |
_2ddc _cBK _n0 |
||
| 999 |
_c7023 _d7023 |
||